Science Quiz

Random Science or Animal Quiz
Score 0/23 Timer 07:00
0 Plays Today
% Correct
Bison
69.4%
Rodent
64.4%
Puma
61.8%
Rodent
56.7%
Bat
52.3%
Duck
51.3%
Beetle
49.5%
Cephalopod
46.5%
Pinniped
37.3%
Hyena
35.8%
Wasp
35.1%
Clam
33.8%
% Correct
Nightjar
33.2%
Knifefish
32.2%
Civet
30.7%
Lizard
29%
Clam
28.4%
Salamander
25%
Lizard
25%
Weasel
22.6%
Frog
15.1%
Colugo
13.5%
Lizardfish
11.3%
Remove Ads.
Support Sporcle.
Get the best of Sporcle when you Go Orange. This ad-free experience offers more features, more stats, and more fun while also helping to support Sporcle. Thank you for becoming a member.

You're not logged in!

Compare scores with friends on all Sporcle quizzes.
OR
Log In

Sporcle TV

Today on Sporcle TV


Watch our educational content, quiz creation guides, and fun videos on Sporcle TV.

Show Comments

Extras

Top Quizzes Today


Score Distribution

Paid Content

Your Account Isn't Verified!

In order to create a playlist on Sporcle, you need to verify the email address you used during registration. Go to your Sporcle Settings to finish the process.

Report this User

Report this user for behavior that violates our Community Guidelines.

Details: